ARRUPE JESUIT UNIVERSITY

CORONAVIRUS -STOP THE SPREAD - CLEAN,DISINFECT,COVER

Sapes Trust : (Record no. 129609)

MARC details
000 -LEADER
fixed length control field 01554cam a2200445 a 4500
001 - CONTROL NUMBER
control field 12987197
003 - CONTROL NUMBER IDENTIFIER
control field ARRUPE
005 - DATE AND TIME OF LATEST TRANSACTION
control field 20190521104602.0
008 - FIXED-LENGTH DATA ELEMENTS--GENERAL INFORMATION
fixed length control field 020905m20019999rh ab bs 001 0 eng
010 ## - LIBRARY OF CONGRESS CONTROL NUMBER
LC control number 2002345826
020 ## - INTERNATIONAL STANDARD BOOK NUMBER
International Standard Book Number 1779051352 (v. 1)
020 ## - INTERNATIONAL STANDARD BOOK NUMBER
International Standard Book Number 1779051344 (v. 2)
020 ## - INTERNATIONAL STANDARD BOOK NUMBER
International Standard Book Number 1779051360 (v. 3)
035 ## - SYSTEM CONTROL NUMBER
System control number (DLC) 2002345826
040 ## - CATALOGING SOURCE
Original cataloging agency DLC
Transcribing agency DLC
Modifying agency DLC
042 ## - AUTHENTICATION CODE
Authentication code lcode
043 ## - GEOGRAPHIC AREA CODE
Geographic area code f-lo---
-- f-sx---
-- f-rh---
050 00 - LIBRARY OF CONGRESS CALL NUMBER
Classification number HC920
Item number .S26 2001
082 00 - DEWEY DECIMAL CLASSIFICATION NUMBER
Classification number 330.968
Edition number 22
300 ## - PHYSICAL DESCRIPTION
Other physical details ill., maps ;
Dimensions 30 cm.
245 00 - TITLE STATEMENT
Title Sapes Trust :
Remainder of title SADC country studies.
246 30 - VARYING FORM OF TITLE
Title proper/short title SADC country studies
260 ## - PUBLICATION, DISTRIBUTION, ETC. (IMPRINT)
Place of publication, distribution, etc Mount Pleasant, Harare, Zimbabwe :
Name of publisher, distributor, etc SAPES Trust,
Date of publication, distribution, etc 2001-
300 ## - PHYSICAL DESCRIPTION
Extent v. <1-3 > :
500 ## - GENERAL NOTE
General note Cover title.
500 ## - GENERAL NOTE
General note "Allast Mwanza, coordinator"--Pref.
504 ## - BIBLIOGRAPHY, ETC. NOTE
Bibliography, etc Includes bibliographical references and indexes.
505 1# - FORMATTED CONTENTS NOTE
Formatted contents note [1] Lesotho -- [2] Namibia -- [3] Zimbabwe
651 #0 - SUBJECT ADDED ENTRY--GEOGRAPHIC NAME
Geographic name Lesotho
General subdivision Economic conditions
Chronological subdivision 1966-
9 (RLIN) 46412
651 #0 - SUBJECT ADDED ENTRY--GEOGRAPHIC NAME
Geographic name Lesotho
General subdivision Social conditions
Chronological subdivision 1966-
9 (RLIN) 46413
651 #0 - SUBJECT ADDED ENTRY--GEOGRAPHIC NAME
Geographic name Namibia
General subdivision Economic conditions.
9 (RLIN) 23795
651 #0 - SUBJECT ADDED ENTRY--GEOGRAPHIC NAME
Geographic name Namibia
General subdivision Social conditions.
9 (RLIN) 46414
651 #0 - SUBJECT ADDED ENTRY--GEOGRAPHIC NAME
Geographic name Zimbabwe
General subdivision Economic conditions
Chronological subdivision 1980-
9 (RLIN) 15169
651 #0 - SUBJECT ADDED ENTRY--GEOGRAPHIC NAME
Geographic name Zimbabwe
General subdivision Social conditions
Chronological subdivision 1980-
9 (RLIN) 46415
700 1# - ADDED ENTRY--PERSONAL NAME
Personal name Mwanza, A.
9 (RLIN) 46416
710 2# - ADDED ENTRY--CORPORATE NAME
Corporate name or jurisdiction name as entry element SAPES Trust.
9 (RLIN) 23049
906 ## - LOCAL DATA ELEMENT F, LDF (RLIN)
a 7
b cbc
c origode
d 2
e ncip
f 20
g y-gencatlg
942 ## - ADDED ENTRY ELEMENTS (KOHA)
Source of classification or shelving scheme Library of Congress Classification
Koha item type Monograph ( Printed materials)
Holdings
Withdrawn status Lost status Source of classification or shelving scheme Damaged status Not for loan Collection code Home library Current library Shelving location Date acquired Total Checkouts Full call number Barcode Date last seen Price effective from Koha item type
    Library of Congress Classification     Main Collection ARRUPE LIBRARY ARRUPE LIBRARY Main Collection 21/05/2019   HC920 .S26 2001 46600004777 21/05/2019 21/05/2019 Monograph ( Printed materials)
    Library of Congress Classification     Main Collection ARRUPE LIBRARY ARRUPE LIBRARY Main Collection 21/05/2019   HC920 .S26 2001 46600004779 21/05/2019 21/05/2019 Monograph ( Printed materials)
    Library of Congress Classification     Main Collection ARRUPE LIBRARY ARRUPE LIBRARY Main Collection 21/05/2019   HC920 .S26 2001 46600004780 21/05/2019 21/05/2019 Monograph ( Printed materials)

 

Arrupe Library. PO Box MP320 Mt Pleasant, Harare, Zimbabwe
263 242 745411|librarian@aju.ac.zw